| 000 | 00809nam a2200193 a 4500 | ||
|---|---|---|---|
| 001 | 000046176 | ||
| 005 | 20230201091804.0 | ||
| 008 | 150702s1976 dr 000 0 spa d | ||
| 040 |
_aDO-SdBNP _bspa _cBNPHU. |
||
| 082 |
_axxxx _bxxxx |
||
| 100 | 1 |
_aPrats-Ramírez de Pérez, Yvelisse _925177 |
|
| 245 | 1 | 0 |
_aEducación superior en la República Dominicana diagnostico, pronóstico y estrategia / _cIvelisse Prats- Ramírez de Pérez. |
| 260 |
_aSanto Domingo : _bDepartamento de Publicaciones, _bUniversidad Autónoma de Santo Domingo, _c1976. |
||
| 300 |
_a24 p. ; _c21 cm. |
||
| 490 | 1 |
_aPublicaciones de la Universidad Autónoma de Santo Domingo _v214 |
|
| 490 | 1 |
_aUASD crítica _v5 |
|
| 830 | 0 |
_aPublicaciones de la Universidad Autónoma de Santo Domingo. _n214 _974219 |
|
| 830 | 0 |
_aUASD crítica. _n5 _974220 |
|
| 999 |
_c45665 _d45665 |
||